| 000 | 01316pab a2200181 454500 | ||
|---|---|---|---|
| 008 | 180718b1999 xxu||||| |||| 00| 0 eng d | ||
| 100 | _aKurosaki, Takashi | ||
| 245 | _aAgriculture in India and Pakistan, 1990-95: productivity and crop mix | ||
| 260 | _c1999 | ||
| 300 | _ap.A160-68 | ||
| 362 | _a25 Dec | ||
| 520 | _aIn the context of economic liberalisation during the 1990s, we investigate the performance of agriculture in India and Pakistan, 1900-95, from historical and comparative perspectives. Based on a new data set that corresponds to the current border, we show a distinct turnaround at the time of partition in 1947 - the stagnant performance of agriculture in India and Pakistan during the colonial period was turned into a sustained growth since 1947, with a stronger performance in India especially in terms of per capita food production. Empirical investigation in this paper gives support to the view that institutional changes have significant effects on agricultural production in India and Pakistan. Farmers have responded to changes in institutions and policies, adjusting their crop mix and production technology. - Reproduced | ||
| 650 | _aAgriculture - Pakistan | ||
| 650 | _aAgriculture - India | ||
| 650 | _aAgriculture | ||
| 773 | _aEconomic and Political Weekly | ||
| 909 | _a43651 | ||
| 999 |
_c43651 _d43651 |
||